Statistics for Mario Characters by Emblem #2

Click here to take the quiz!

General Stats

  • This quiz has been taken 94 times
  • The average score is 13 of 16

Answer Stats

Answer% Correct
Toadette
94%
Dry Bones
93%
Boo
91%
Diddy Kong
89%
Goomba
88%
Piranha Plant
85%
Chain Chomp
84%
Lakitu
83%
Luma
83%
Kamek
81%
King Bob-omb
76%
Wiggler
74%
Nabbit
73%
Blooper
71%
Chargin' Chuck
68%
E. Gadd
51%

Score Distribution

Percentile by Number Answered

Percent of People with Each Score

Your Score History

You have not taken this quiz